000 00625nam a2200229Ia 4500
003 OSt
005 20220928114158.0
006 a|||||r|||| 00| 0
007 ta
008 220927b |||||||| |||| 00| 0 eng d
024 _a60052
037 _cTextual
040 _aSDCL
_cSDCL
_beng
041 _2eng
_aeng
082 _aR65x, L8
100 _aTritha Swami Rama
_9437345
245 0 _aPractical vedanta.
260 _aHonesdale
_bThe Himalaya International Institute of Yoga Science and
_c1978
300 _aviii,293p
_ccm.
942 _hR65x, L8
_cTEXL
_2CC
999 _c753290
_d753290